Evaluation of Knowledge Synergy Components
Identifikácia synergických prvkov poznatkov. Poskytnutie hodnotiacej metódy synergie vedomostí zamestnancov a jej zložiek. Racionálne a objektívne hodnotenie znalostí zamestnancov, vzťahov medzi zamestnancami a synergie organizačných vedomostí.
Na minha lista:
| Autor principal: | |
|---|---|
| Outros Autores: | , , |
| Formato: | Capítulo de Livro |
| Idioma: | inglês |
| Assuntos: | |
| Tags: |
Sem tags, seja o primeiro a adicionar uma tag!
|
MARC
| LEADER | 00000naa a2200000 4500 | ||
|---|---|---|---|
| 001 | 0242781 | ||
| 005 | 20220719115452.2 | ||
| 041 | 0 | |a eng | |
| 044 | |a CZ | ||
| 245 | 1 | 0 | |a Evaluation of Knowledge Synergy Components |c Ilona Skačkauskienė, Denisa Hrušecká, Aušra Katinienė, Martin Čepel |
| 520 | |a Identifikácia synergických prvkov poznatkov. Poskytnutie hodnotiacej metódy synergie vedomostí zamestnancov a jej zložiek. Racionálne a objektívne hodnotenie znalostí zamestnancov, vzťahov medzi zamestnancami a synergie organizačných vedomostí. | ||
| 610 | 2 | 0 | |a synergia |
| 610 | 2 | 0 | |a vedomosti |
| 610 | 2 | 0 | |a zamestnanci |
| 610 | 2 | 0 | |a hodnotenie práce |
| 610 | 2 | 0 | |a hodnotenie pracovníkov |
| 610 | 2 | 0 | |a metódy ohodnocovania |
| 610 | 2 | 0 | |a komunikácia firemná |
| 610 | 2 | 0 | |a komunikácia interná |
| 610 | 2 | 0 | |a manažment znalostný |
| 100 | 1 | |a Skačkauskienė, Ilona | |
| 700 | 1 | |a Hrušecká, Denisa | |
| 700 | 1 | |a Katinienė, Aušra | |
| 700 | 1 | |a Čepel, Martin | |